[Event "Skakthing Reykjavikur"]
[Site "Reykjavik"]
[Date "2017.01.25"]
[Round "6"]
[White "Ragnarsson, Dagur"]
[Black "Jonsson, Gauti Pall"]
[Result "1-0"]
[WhiteElo "2276"]
[BlackElo "2036"]
[PlyCount "135"]
[EventDate "2017.01.08"]
[EventType "swiss"]
[EventRounds "9"]
[EventCountry "ISL"]

1. d4 e6 2. Nf3 f5 3. g3 Nf6 4. Bg2 Be7 5. O-O O-O 6. c4 d6 7. Nc3 a5 8. b3 Ne4
9. Bb2 Nxc3 10. Bxc3 Qe8 11. e3 Bf6 12. Qd2 b6 13. Ne1 Ra7 14. f4 Kh8 15. e4
Bb7 16. e5 dxe5 17. fxe5 Be7 18. Nd3 Bxg2 19. Qxg2 Na6 20. a3 Bg5 21. Nf4 Bxf4
22. Rxf4 Qa8 23. Qh3 c6 24. Rh4 g6 25. Rf1 Rd7 26. Rh6 Rg8 27. Qh4 Qd8 28. Qf6+
Qxf6 29. exf6 Rf7 30. h3 Nc7 31. g4 Re8 32. g5 e5 33. dxe5 Rd8 34. h4 Kg8 35.
h5 gxh5 36. Rxf5 Rd3 37. Be1 Ne6 38. g6 hxg6 39. Rxg6+ Kf8 40. Rxh5 Ke8 41. Rg3
Rd1 42. Kf1 Kd7 43. Rh8 Rd4 44. Bf2 Re4 45. Rd3+ Kc7 46. Re8 Rxe5 47. Re7+ Rxe7
48. fxe7 Nf4 49. Bg3 Rxe7 50. Bxf4+ Kb7 51. Be3 Rh7 52. Ke2 Rh2+ 53. Bf2 Rh1
54. a4 Rb1 55. Be3 Rb2+ 56. Kd1 Rg2 57. c5 bxc5 58. Bxc5 Kc7 59. Re3 Rg5 60.
Ba3 Kb6 61. Bc1 Rd5+ 62. Kc2 Rc5+ 63. Rc3 Rh5 64. Be3+ c5 65. Bd2 Rf5 66. Rc4
Re5 67. Rh4 Re6 68. Rh6 1-0

[Event "Skakthing Reykjavikur"]
[Site "Reykjavik"]
[Date "2017.01.25"]
[Round "6"]
[White "Thorfinnsson, Bjorn"]
[Black "Ptacnikova, Lenka"]
[Result "1-0"]
[WhiteElo "2404"]
[BlackElo "2210"]
[PlyCount "87"]
[EventDate "2017.01.08"]
[EventType "swiss"]
[EventRounds "9"]
[EventCountry "ISL"]

1. c4 c5 2. g3 g6 3. Bg2 Bg7 4. Nc3 h5 5. Nf3 Nh6 6. d4 cxd4 7. Nxd4 Nc6 8. Nf3
Nf5 9. O-O h4 10. e4 Nfd4 11. Nxh4 d6 12. Nb5 Nxb5 13. cxb5 Nd4 14. a4 a6 15.
Be3 e5 16. Nf3 Bg4 17. bxa6 bxa6 18. b4 Rb8 19. b5 axb5 20. a5 O-O 21. Bxd4
exd4 22. Qd3 Be6 23. Nd2 Qd7 24. Rfb1 Rfc8 25. a6 Rb6 26. e5 Qa7 27. Bb7 Rxb7
28. axb7 Qxb7 29. exd6 Qd5 30. Rxb5 Qxd6 31. Rab1 Bd5 32. Ra5 Rc3 33. Qb5 Bc6
34. Qb6 Qe6 35. Qd8+ Kh7 36. Qh4+ Kg8 37. Rb8+ Bf8 38. Rxf8+ Kxf8 39. Qh8+ Ke7
40. Re5 Rc1+ 41. Nf1 Bb5 42. Qh4+ Kd7 43. Qxd4+ Qd6 44. Qxd6+ 1-0

[Event "Skakthing Reykjavikur"]
[Site "Reykjavik"]
[Date "2017.01.25"]
[Round "6"]
[White "Viglundsson, Bjorgvin"]
[Black "Kjartansson, Gudmundur"]
[Result "0-1"]
[WhiteElo "2185"]
[BlackElo "2468"]
[PlyCount "86"]
[EventDate "2017.01.08"]
[EventType "swiss"]
[EventRounds "9"]
[EventCountry "ISL"]

1. d4 Nf6 2. c4 e6 3. Nf3 d5 4. Nc3 c6 5. e3 a6 6. b3 Bb4 7. Bd2 Nbd7 8. Be2
Bd6 9. O-O O-O 10. Qc2 e5 11. cxd5 cxd5 12. h3 e4 13. Ne1 b5 14. f4 Nb6 15. a3
Qe7 16. Qb2 Bd7 17. g4 Rfb8 18. Ng2 Ne8 19. f5 g5 20. fxg6 hxg6 21. Nf4 Nc7 22.
Be1 Kg7 23. h4 Rh8 24. g5 Rh7 25. Bd1 Rah8 26. Nb1 Qxg5+ 27. hxg5 Bxf4 28. Qg2
Bh3 29. Qf2 Ne6 30. Qxf4 Nxf4 31. Rxf4 Be6 32. Ba5 Rh1+ 33. Kg2 R8h2+ 34. Kg3
Rh3+ 35. Kg2 Rxd1 36. Bxb6 Rxe3 37. Ra2 Rxb1 38. Bd8 Rh3 39. Bf6+ Kf8 40. Rc2
Rbxb3 41. Rc7 e3 42. Rb7 Rb2+ 43. Kg1 Rc2 0-1

[Event "Skakthing Reykjavikur"]
[Site "Reykjavik"]
[Date "2017.01.25"]
[Round "6"]
[White "Omarsson, Dadi"]
[Black "Johannsson, Orn Leo"]
[Result "1/2-1/2"]
[WhiteElo "2197"]
[BlackElo "2212"]
[PlyCount "80"]
[EventDate "2017.01.08"]
[EventType "swiss"]
[EventRounds "9"]
[EventCountry "ISL"]

1. e4 g6 2. d4 Bg7 3. Nc3 d6 4. f4 a6 5. Nf3 b5 6. Bd3 Bb7 7. O-O Nd7 8. e5 Nh6
9. Qe1 O-O 10. a4 b4 11. Ne4 c5 12. dxc5 dxe5 13. Qxb4 Rb8 14. fxe5 Ng4 15. e6
fxe6 16. Qe1 Nde5 17. Qg3 Nxd3 18. Qxg4 Rxf3 19. gxf3 Qd4+ 20. Kg2 Nxc5 21. c3
Qd5 22. Nxc5 Qxc5 23. Qxe6+ Kh8 24. Be3 Qh5 25. Bd4 Rf8 26. Bxg7+ Kxg7 27. Qh3
Qg5+ 28. Qg3 Qd2+ 29. Rf2 Qe3 30. Rd1 Rxf3 31. Rxf3 Qe2+ 32. Kh3 Bxf3 33. Re1
Bg2+ 34. Qxg2 Qxe1 35. Qf3 h5 36. b4 Qe6+ 37. Kg3 Qe1+ 38. Kh3 Qe6+ 39. Kg3
Qe1+ 40. Kh3 Qe6+ 1/2-1/2

[Event "Skakthing Reykjavikur"]
[Site "Reykjavik"]
[Date "2017.01.25"]
[Round "6"]
[White "Ingvason, Johann"]
[Black "Gislason, Gudmundur"]
[Result "1-0"]
[WhiteElo "2124"]
[BlackElo "2332"]
[PlyCount "125"]
[EventDate "2017.01.08"]
[EventType "swiss"]
[EventRounds "9"]
[EventCountry "ISL"]

1. e4 g6 2. d4 Bg7 3. Nc3 d6 4. f4 a6 5. Nf3 Bg4 6. Be3 e6 7. Be2 d5 8. Qd2 Nc6
9. Rd1 dxe4 10. Nxe4 Nge7 11. Bf2 Qd5 12. Nc3 Qa5 13. h3 Bxf3 14. Bxf3 Rd8 15.
Ne2 Qxa2 16. O-O O-O 17. c3 Qc4 18. Qc2 Qb5 19. Nc1 Qf5 20. Qb3 b6 21. Ne2 Qb5
22. Qc2 Na5 23. Nc1 Nd5 24. Nd3 Nc4 25. Qc1 Qb3 26. Rde1 Nd6 27. Bh4 Rc8 28.
Qd2 Qb5 29. Ne5 f6 30. Nd3 Qd7 31. b3 a5 32. c4 Ne7 33. Nc5 bxc5 34. dxc5 Rcd8
35. cxd6 cxd6 36. Qxa5 Rb8 37. Qc3 Rfc8 38. Bxf6 Bxf6 39. Qxf6 Nf5 40. Rxe6 Rf8
41. Qc3 Qg7 42. Qd3 Kh8 43. Rd1 Qb2 44. Rb1 Qd4+ 45. Qxd4+ Nxd4 46. Rxd6 Nxf3+
47. gxf3 Rxf4 48. Kf2 Rxc4 49. bxc4 Rxb1 50. Ke3 Rc1 51. Kd4 Kg7 52. Rd7+ Kh6
53. Kd5 Rc3 54. Rf7 g5 55. Kd4 Ra3 56. c5 Kg6 57. Rf8 Kg7 58. Rf5 Kg6 59. Rd5
Rxf3 60. c6 Rf8 61. Kc5 h5 62. c7 Rc8 63. Kd6 1-0

[Event "Skakthing Reykjavikur"]
[Site "Reykjavik"]
[Date "2017.01.25"]
[Round "6"]
[White "Antonsson, Atli"]
[Black "Jonasson, Benedikt"]
[Result "0-1"]
[WhiteElo "1857"]
[BlackElo "2208"]
[PlyCount "88"]
[EventDate "2017.01.08"]
[EventType "swiss"]
[EventRounds "9"]
[EventCountry "ISL"]

1. e4 c5 2. d4 cxd4 3. c3 d3 4. Bxd3 Nc6 5. c4 g6 6. Nf3 Bg7 7. O-O Nf6 8. Nc3
O-O 9. h3 d6 10. Be3 Nd7 11. Rc1 Nc5 12. Bb1 Be6 13. b3 Qa5 14. Nd4 Nxd4 15.
Bxd4 Rfc8 16. Bxg7 Kxg7 17. Qd4+ f6 18. f4 Nd7 19. Kh1 a6 20. Qd3 Rab8 21. Qg3
b5 22. Nd5 Bxd5 23. cxd5 Rxc1 24. Rxc1 Qd2 25. Rf1 Rc8 26. Qe1 Qxe1 27. Rxe1
Rc3 28. Kg1 g5 29. f5 h5 30. Kf2 h4 31. Re3 Rc7 32. Re2 Ne5 33. Rc2 Rc5 34. Ke3
b4 35. Kd4 Rxc2 36. Bxc2 g4 37. hxg4 Kh6 38. Bd1 Kg5 39. Be2 Kf4 40. Bxa6 Kg3
41. Bf1 Kf2 42. g3 hxg3 43. Bh3 Nf3+ 44. Kd3 Ng5 0-1

[Event "Skakthing Reykjavikur"]
[Site "Reykjavik"]
[Date "2017.01.25"]
[Round "6"]
[White "Olafsson, Thorvadur F"]
[Black "Briem, Stephan"]
[Result "1-0"]
[WhiteElo "2188"]
[BlackElo "1803"]
[PlyCount "57"]
[EventDate "2017.01.08"]
[EventType "swiss"]
[EventRounds "9"]
[EventCountry "ISL"]

1. d4 Nf6 2. c4 c5 3. d5 b5 4. cxb5 a6 5. Nc3 axb5 6. e4 b4 7. Nb5 d6 8. Bf4
Nbd7 9. Nf3 Nh5 10. Bg5 Qa5 11. Nd2 b3 12. Qxh5 Ba6 13. Nc3 g6 14. Qd1 Bg7 15.
axb3 Qb6 16. Bxa6 Rxa6 17. O-O h6 18. Nc4 Qb7 19. Rxa6 Qxa6 20. Qa1 Qb7 21. Na5
Qc8 22. Bf4 g5 23. Bg3 h5 24. h3 Ne5 25. Qa4+ Kf8 26. Bxe5 Bxe5 27. Qc6 Qb8 28.
Qb7 Qe8 29. Nc6 1-0

[Event "Skakthing Reykjavikur"]
[Site "Reykjavik"]
[Date "2017.01.25"]
[Round "6"]
[White "Haraldsson, Sigurjon"]
[Black "Birkisson, Bardur Orn"]
[Result "0-1"]
[WhiteElo "1784"]
[BlackElo "2175"]
[PlyCount "68"]
[EventDate "2017.01.08"]
[EventType "swiss"]
[EventRounds "9"]
[EventCountry "ISL"]

1. Nf3 d5 2. g3 Nf6 3. Bg2 c6 4. O-O Bg4 5. d4 Nbd7 6. c4 e6 7. cxd5 exd5 8.
Nc3 Bd6 9. Qc2 O-O 10. Bg5 h6 11. Bxf6 Qxf6 12. Qd3 Rfe8 13. Nh4 g5 14. Nf3 Bf5
15. Qd2 Nf8 16. Ne1 Ne6 17. e3 Bg6 18. Nc2 Rad8 19. Rae1 Bf8 20. Ne2 Ng7 21.
Nc3 Ne6 22. a3 h5 23. f3 Bg7 24. Nb4 h4 25. g4 Kh7 26. Ne2 c5 27. Nc2 cxd4 28.
Ncxd4 Nxd4 29. Nxd4 Qb6 30. b4 Rxe3 31. Rxe3 Bxd4 32. Rfe1 Re8 33. Kf2 Rc8 34.
Kf1 Rc2 0-1

[Event "Skakthing Reykjavikur"]
[Site "Reykjavik"]
[Date "2017.01.25"]
[Round "6"]
[White "Birkisson, Bjorn Holm"]
[Black "Gardarsson, Halldor"]
[Result "1-0"]
[WhiteElo "1979"]
[BlackElo "1783"]
[PlyCount "79"]
[EventDate "2017.01.08"]
[EventType "swiss"]
[EventRounds "9"]
[EventCountry "ISL"]

1. Nf3 c5 2. g3 Nc6 3. Bg2 Nf6 4. O-O e6 5. b3 d5 6. Bb2 Bd6 7. c4 O-O 8. cxd5
exd5 9. d4 Be6 10. Nc3 cxd4 11. Nxd4 Rc8 12. e3 Re8 13. Nxe6 fxe6 14. Nb5 Bb8
15. Nd4 Nxd4 16. Qxd4 Qe7 17. Rac1 b6 18. Qa4 Qd7 19. Qh4 Qe7 20. Bh3 Bd6 21.
Bxf6 gxf6 22. Qg4+ Kf7 23. Qh5+ Kg7 24. Rfd1 Rxc1 25. Rxc1 Bc5 26. b4 Bd6 27.
Rc6 Rg8 28. Qd1 f5 29. Qd4+ Kh6 30. Bxf5 exf5 31. Qf4+ Kg7 32. Qxd6 Qxd6 33.
Rxd6 Ra8 34. Rxd5 Kf6 35. Rd6+ Ke5 36. Rd7 a5 37. b5 Rc8 38. Rxh7 Rc2 39. a4
Rc4 40. Rh4 1-0

[Event "Skakthing Reykjavikur"]
[Site "Reykjavik"]
[Date "2017.01.25"]
[Round "6"]
[White "Mai, Alexander Oliver"]
[Black "Mai, Aron Thor"]
[Result "1/2-1/2"]
[WhiteElo "1837"]
[BlackElo "1935"]
[PlyCount "27"]
[EventDate "2017.01.08"]
[EventType "swiss"]
[EventRounds "9"]
[EventCountry "ISL"]

1. e4 e5 2. Nf3 Nc6 3. Bb5 a6 4. Ba4 Nf6 5. O-O Be7 6. Re1 O-O 7. c3 b5 8. Bb3
d6 9. h3 Bb7 10. d4 Re8 11. Ng5 Rf8 12. Nf3 Re8 13. Ng5 Rf8 14. Nf3 1/2-1/2

[Event "Skakthing Reykjavikur"]
[Site "Reykjavik"]
[Date "2017.01.25"]
[Round "6"]
[White "Fivelstad, Jon Olav"]
[Black "Briem, Hedinn"]
[Result "1-0"]
[WhiteElo "1920"]
[BlackElo "1576"]
[PlyCount "83"]
[EventDate "2017.01.08"]
[EventType "swiss"]
[EventRounds "9"]
[EventCountry "ISL"]

1. e4 e6 2. d4 d5 3. Nd2 dxe4 4. Nxe4 Nf6 5. Bd3 Be7 6. Nf3 Nbd7 7. O-O O-O 8.
c4 c5 9. Nc3 cxd4 10. Nxd4 Nc5 11. Bc2 e5 12. Nf5 Bxf5 13. Bxf5 Qxd1 14. Rxd1
g6 15. Bh3 Nfe4 16. Nxe4 Nxe4 17. g3 Bc5 18. Be3 Bxe3 19. fxe3 Rad8 20. Bg2 Nd6
21. c5 Nc4 22. Bxb7 Na5 23. Bd5 Rc8 24. b4 Nc6 25. a3 a6 26. Rac1 Rfd8 27. Bxc6
Rxd1+ 28. Rxd1 Rxc6 29. Rd5 f6 30. a4 Kf8 31. b5 axb5 32. axb5 Rc7 33. b6 Rb7
34. e4 Ke7 35. Kf2 Ke6 36. Ke3 Rb8 37. g4 h6 38. Rd3 Ke7 39. Kd2 Ke6 40. Kc3 f5
41. Rd6+ Ke7 42. gxf5 1-0

[Event "Skakthing Reykjavikur"]
[Site "Reykjavik"]
[Date "2017.01.25"]
[Round "6"]
[White "Magnusson, Thorsteinn"]
[Black "Eliasson, Kristjan Orn"]
[Result "0-1"]
[WhiteElo "1383"]
[BlackElo "1900"]
[PlyCount "56"]
[EventDate "2017.01.08"]
[EventType "swiss"]
[EventRounds "9"]
[EventCountry "ISL"]

1. d4 Nf6 2. Bf4 g6 3. e3 Bg7 4. h3 O-O 5. Nf3 d6 6. Nbd2 c6 7. c3 Bf5 8. Qb3
Qc7 9. Bc4 b5 10. Bxf7+ Rxf7 11. Ng5 e6 12. Nxf7 Kxf7 13. h4 Nbd7 14. Nf3 h6
15. Ke2 Bg4 16. Rac1 Nb6 17. Kd3 Ne4 18. Rc2 a5 19. Qa3 Nc4 20. Qb3 Bf5 21. Ke2
a4 22. Qb4 Nxf2 23. Kxf2 Bxc2 24. b3 axb3 25. axb3 Nb2 26. Kg3 e5 27. dxe5 dxe5
28. Bxe5 Bxe5+ 0-1

[Event "Skakthing Reykjavikur"]
[Site "Reykjavik"]
[Date "2017.01.25"]
[Round "6"]
[White "Thorsteinsson, Hilmar"]
[Black "Vignisson, Ingvar Egill"]
[Result "1-0"]
[WhiteElo "1840"]
[BlackElo "1652"]
[PlyCount "95"]
[EventDate "2017.01.08"]
[EventType "swiss"]
[EventRounds "9"]
[EventCountry "ISL"]

1. c4 e5 2. Nc3 Nf6 3. g3 Bb4 4. Bg2 Bxc3 5. bxc3 O-O 6. d3 d6 7. e4 Nc6 8. Rb1
Rb8 9. Ne2 Ne8 10. O-O f5 11. f4 fxe4 12. Bxe4 Bf5 13. Bxf5 Rxf5 14. g4 Rf8 15.
f5 Ne7 16. Bg5 Nf6 17. Ng3 h6 18. Be3 b6 19. h4 d5 20. g5 hxg5 21. hxg5 Nd7 22.
Qh5 Qe8 23. Qh3 c6 24. Rb2 Nc8 25. g6 Rf6 26. Rh2 Kf8 27. Qh8+ Ke7 28. Qxg7+
Kd6 29. Bg5 Rf8 30. Rh7 Rg8 31. Qxd7+ Qxd7 32. Rxd7+ Kxd7 33. Nh5 Ne7 34. Nf6+
Kd6 35. Nxg8 Rxg8 36. Bxe7+ Kxe7 37. cxd5 cxd5 38. f6+ Kf8 39. g7+ Kf7 40. Kg2
Rc8 41. Rh1 Rg8 42. Rh8 b5 43. Kf3 a5 44. Kg4 d4 45. cxd4 exd4 46. Kf5 b4 47.
Rxg8 Kxg8 48. Kg6 1-0

[Event "Skakthing Reykjavikur"]
[Site "Reykjavik"]
[Date "2017.01.25"]
[Round "6"]
[White "Gudmarsson, Olafur"]
[Black "Arnarson, Smari"]
[Result "0-1"]
[WhiteElo "1739"]
[BlackElo "1501"]
[PlyCount "112"]
[EventDate "2017.01.08"]
[EventType "swiss"]
[EventRounds "9"]
[EventCountry "ISL"]

1. d4 Nf6 2. Nf3 g6 3. c4 Bg7 4. Nc3 d5 5. cxd5 Nxd5 6. e4 Nxc3 7. bxc3 c5 8.
Be3 Nc6 9. Rc1 Qa5 10. Qd2 cxd4 11. cxd4 Qxd2+ 12. Kxd2 O-O 13. Bb5 Rd8 14. Rc4
a6 15. Bxc6 bxc6 16. Bf4 Be6 17. Ra4 Ra7 18. Rb1 Rad7 19. Ke3 f5 20. Ne5 Bxe5
21. Bxe5 fxe4 22. Rxa6 Bd5 23. Ra5 Rc8 24. a4 Kf7 25. Rb6 Rdd8 26. Rba6 c5 27.
Ra7 c4 28. Rc7 Ra8 29. Rxa8 Rxa8 30. Rc5 Ke6 31. a5 Ra6 32. Kd2 Rc6 33. Rb5 c3+
34. Kc2 Bc4 35. Rb6 Bd3+ 36. Kc1 Kd7 37. Rb7+ Kd8 38. Rb8+ Rc8 39. Rb6 Ra8 40.
Rc6 Rxa5 41. Rxc3 Ra1+ 42. Kb2 Rg1 43. Ra3 Rxg2 44. Ra8+ Kd7 45. Bg3 e3 46. Kc3
exf2 47. Bxf2 Rxf2 48. Kxd3 Rxh2 49. Ke4 Rf2 50. Rh8 h5 51. Rh6 Rf6 52. d5 Ke8
53. Ke5 Kf8 54. Rh7 Rf7 55. Rh8+ Kg7 56. Ke6 Rf8 0-1

[Event "Skakthing Reykjavikur"]
[Site "Reykjavik"]
[Date "2017.01.25"]
[Round "6"]
[White "Jonsson, Olafur Gisli"]
[Black "Baldursson, Atli Mar"]
[Result "1-0"]
[WhiteElo "1865"]
[BlackElo "1226"]
[PlyCount "117"]
[EventDate "2017.01.08"]
[EventType "swiss"]
[EventRounds "9"]
[EventCountry "ISL"]

1. e4 c5 2. Nf3 e6 3. d4 cxd4 4. Nxd4 Nf6 5. Nc3 Bb4 6. Bd3 Nc6 7. Nxc6 bxc6 8.
e5 Nd5 9. Bd2 Bxc3 10. bxc3 Qc7 11. Qe2 Bb7 12. c4 Ne7 13. c5 O-O 14. O-O Ng6
15. Rab1 Rab8 16. Rfe1 Ba8 17. Rxb8 Rxb8 18. Qe4 Qd8 19. g3 f5 20. exf6 Qxf6
21. h4 Rf8 22. f4 Qf5 23. Qd4 Qd5 24. Qe3 Ne7 25. c4 Qh5 26. Bc3 Nf5 27. Bxf5
Qxf5 28. Qe5 Qxe5 29. Bxe5 Bb7 30. Rb1 Ba6 31. Rb4 g6 32. Ra4 Bc8 33. Rxa7 Kf7
34. Kf2 Rg8 35. Ke3 h6 36. Kd4 g5 37. hxg5 hxg5 38. a4 gxf4 39. Bxf4 Rg4 40.
Kc3 Kf6 41. Bd6 e5 42. Kb4 Rxg3 43. Ka5 Rb3 44. Ra8 Bb7 45. Rf8+ Ke6 46. Re8+
Kf5 47. Rxe5+ Kf4 48. Re8+ Kf3 49. Rb8 Ke4 50. Bc7 Kd4 51. Bb6 Kxc4 52. Rxb7
Rd3 53. Rc7 Kb3 54. Ra7 Rd4 55. Ka6 Rxa4+ 56. Kb7 Rxa7+ 57. Kxa7 Kb4 58. Bc7
Kb5 59. Bd6 1-0

[Event "Skakthing Reykjavikur"]
[Site "Reykjavik"]
[Date "2017.01.25"]
[Round "6"]
[White "Hjaltason, Elvar Orn"]
[Black "Briem, Benedikt"]
[Result "1/2-1/2"]
[WhiteElo "1709"]
[BlackElo "1417"]
[PlyCount "178"]
[EventDate "2017.01.08"]
[EventType "swiss"]
[EventRounds "9"]
[EventCountry "ISL"]

1. e4 b6 2. d4 Bb7 3. Bd3 e6 4. Ne2 Nf6 5. f3 Be7 6. a3 a5 7. e5 Ng8 8. Be3 d6
9. O-O dxe5 10. dxe5 Nh6 11. Bxh6 gxh6 12. Qc1 Bg5 13. f4 Be7 14. Nbc3 Nd7 15.
Qe1 Nc5 16. Rd1 Nxd3 17. Rxd3 Qc8 18. Kh1 h5 19. Qg3 Kf8 20. Qe1 Rg8 21. Rg3
Rh8 22. f5 h4 23. Rd3 Rg8 24. Nf4 Bg5 25. Nh5 Bh6 26. Rff3 Bxf3 27. Rxf3 c6 28.
Qxh4 Bg5 29. Qh3 exf5 30. Qxf5 Qxf5 31. Rxf5 Ra7 32. Ne4 h6 33. g3 Rd7 34. h4
Rd1+ 35. Kh2 Bd8 36. Nd6 Rxd6 37. exd6 Rg6 38. d7 Rd6 39. Rf2 Rxd7 40. Nf4 Bc7
41. Ne6+ Ke7 42. Nxc7 Rxc7 43. g4 Rd7 44. Kg3 Rd4 45. Re2+ Kd7 46. Rf2 Ke7 47.
Re2+ Kf8 48. Kf3 h5 49. Rg2 hxg4+ 50. Rxg4 Rd2 51. Rg2 Rd6 52. Ke3 Rd5 53. b3
Rh5 54. Rh2 f5 55. Kd4 Rh7 56. Ke5 Rf7 57. Rf2 Re7+ 58. Kf4 Rf7 59. Rf3 Ke7 60.
Ke5 Rh7 61. Rf4 Rh5 62. c4 b5 63. a4 bxa4 64. bxa4 c5 65. Kd5 Kf6 66. Kd6 Rh6
67. Kxc5 Ke5 68. Rf1 Rxh4 69. Kb5 f4 70. c5 Rh2 71. c6 Kd6 72. Rxf4 Rb2+ 73.
Kxa5 Kxc6 74. Rf6+ Kc7 75. Rf7+ Kc6 76. Rf6+ Kc7 77. Rf4 Kc8 78. Rf5 Kc7 79.
Rb5 Rxb5+ 80. axb5 Kb7 81. Kb4 Kb6 82. Kc4 Kb7 83. Kc5 Kc7 84. Kd4 Kb6 85. Kc4
Kb7 86. Kc5 Kc7 87. b6+ Kb7 88. Kb5 Kb8 89. Kc6 Kc8 1/2-1/2

[Event "Skakthing Reykjavikur"]
[Site "Reykjavik"]
[Date "2017.01.25"]
[Round "6"]
[White "Jonatansson, Sigurdur Freyr"]
[Black "Sveinsson, Gudmundur"]
[Result "1/2-1/2"]
[WhiteElo "1682"]
[BlackElo "1267"]
[PlyCount "67"]
[EventDate "2017.01.08"]
[EventType "swiss"]
[EventRounds "9"]
[EventCountry "ISL"]

1. e4 e5 2. Nf3 Nc6 3. Bb5 a6 4. Ba4 Nf6 5. c3 Be7 6. d4 b5 7. Bb3 d6 8. h3 O-O
9. Qe2 h6 10. O-O Bb7 11. Bc2 Re8 12. Rd1 exd4 13. cxd4 Nb4 14. Nc3 Nxc2 15.
Qxc2 Bf8 16. e5 Bxf3 17. gxf3 Nh7 18. Bf4 Qd7 19. Kh2 Qc6 20. Qe4 Qd7 21. Rg1
g5 22. Bg3 Bg7 23. f4 dxe5 24. dxe5 Qd2 25. Qb4 c5 26. Qe4 Qxb2 27. Nd5 Ra7 28.
Rgb1 Qd4 29. Qxd4 cxd4 30. Nb4 Rc8 31. a4 bxa4 32. Rxa4 Rc4 33. Rba1 Bf8 34.
Nd3 1/2-1/2

[Event "Skakthing Reykjavikur"]
[Site "Reykjavik"]
[Date "2017.01.25"]
[Round "6"]
[White "Heidarsson, Arnar"]
[Black "Kristjansson, Halldor"]
[Result "0-1"]
[WhiteElo "1376"]
[BlackElo "1560"]
[PlyCount "52"]
[EventDate "2017.01.08"]
[EventType "swiss"]
[EventRounds "9"]
[EventCountry "ISL"]

1. e4 c5 2. Nf3 d6 3. d4 cxd4 4. Nxd4 Nf6 5. Nc3 a6 6. a4 e5 7. Nf3 h6 8. h3
Be6 9. Be2 Nc6 10. O-O Be7 11. Be3 Rc8 12. Qd2 Qc7 13. Nd5 Bxd5 14. exd5 Na5
15. b3 Qxc2 16. Rfc1 Qxd2 17. Bxd2 Rxc1+ 18. Rxc1 Nxb3 19. Rc8+ Bd8 20. Bb4
Nxd5 21. Ba3 Kd7 22. Bc4 Kxc8 23. Bxd5 Nc5 24. Nxe5 dxe5 25. Bxc5 f6 26. Bd6
Bc7 0-1

[Event "Skakthing Reykjavikur"]
[Site "Reykjavik"]
[Date "2017.01.25"]
[Round "6"]
[White "Sigurvaldason, Hjalmar"]
[Black "Omarsson, Adam"]
[Result "1-0"]
[WhiteElo "1464"]
[BlackElo "1068"]
[PlyCount "79"]
[EventDate "2017.01.08"]
[EventType "swiss"]
[EventRounds "9"]
[EventCountry "ISL"]

1. d4 d5 2. Bf4 Nf6 3. e3 Bf5 4. c4 e6 5. Qb3 b6 6. Nc3 Be7 7. Nf3 Nbd7 8. Nb5
O-O 9. Bxc7 Qc8 10. Bg3 a6 11. Nc3 Qc6 12. Be2 dxc4 13. Bxc4 b5 14. Be2 b4 15.
Nd1 Rac8 16. Bd3 Bxd3 17. Qxd3 Nb6 18. O-O Qa4 19. b3 Qa5 20. Ne5 Bd6 21. Nc4
Nxc4 22. bxc4 Bxg3 23. hxg3 Qh5 24. f3 Qg5 25. g4 h5 26. gxh5 Nxh5 27. Nf2 Rcd8
28. Rfe1 e5 29. Nh3 Qh6 30. d5 f5 31. e4 fxe4 32. Rxe4 Ng3 33. Rxe5 Qf6 34.
Rae1 Rd7 35. Re6 Qd8 36. Qg6 Qb8 37. Ng5 Qa7+ 38. Kh2 Nf1+ 39. Rxf1 Qb8+ 40.
Kh1 1-0

[Event "Skakthing Reykjavikur"]
[Site "Reykjavik"]
[Date "2017.01.25"]
[Round "6"]
[White "Karlsson, Isak Orri"]
[Black "Ragnarsson, Heimir Pall"]
[Result "1-0"]
[WhiteElo "1200"]
[BlackElo "1695"]
[PlyCount "87"]
[EventDate "2017.01.08"]
[EventType "swiss"]
[EventRounds "9"]
[EventCountry "ISL"]

1. d4 Nf6 2. c4 c5 3. d5 b5 4. cxb5 a6 5. b6 Qxb6 6. Nc3 g6 7. e4 d6 8. Bd3 Bg7
9. Nge2 Nbd7 10. O-O Ne5 11. Bc2 a5 12. f4 Ned7 13. Ng3 O-O 14. Re1 c4+ 15. Kh1
Nc5 16. Be3 Qxb2 17. Bxc5 dxc5 18. Na4 Qd4 19. Qf3 Bg4 20. Qf1 Rab8 21. h3 Nh5
22. Nxh5 Bxh5 23. g4 Qd2 24. Rac1 e5 25. Re2 Qb4 26. gxh5 Qa3 27. f5 gxf5 28.
Qg1 Qxh3+ 29. Rh2 Qf3+ 30. Qg2 Qxg2+ 31. Rxg2 Kh8 32. Nxc5 Rb5 33. Nd7 Rd8 34.
Rcg1 Rxd7 35. Rxg7 Rb8 36. exf5 Rxd5 37. Rxf7 Rd4 38. Rg2 Rh4+ 39. Kg1 Rxh5 40.
Rfg7 h6 41. f6 Rg5 42. R2xg5 hxg5 43. Rh7+ Kg8 44. f7+ 1-0

[Event "Skakthing Reykjavikur"]
[Site "Reykjavik"]
[Date "2017.01.25"]
[Round "6"]
[White "Sigurdarson, Sveinn"]
[Black "Thorisson, Bjartur"]
[Result "1-0"]
[WhiteElo "1295"]
[BlackElo "1010"]
[PlyCount "69"]
[EventDate "2017.01.08"]
[EventType "swiss"]
[EventRounds "9"]
[EventCountry "ISL"]

1. d4 d5 2. Bf4 Nf6 3. Nf3 Bf5 4. c3 Nc6 5. e3 e6 6. Bd3 Be7 7. h3 h6 8. Qc2
Qd7 9. Bxf5 exf5 10. Nbd2 O-O-O 11. Ne5 Nxe5 12. Bxe5 Rhe8 13. c4 Kb8 14. O-O
g5 15. b4 Rg8 16. f3 g4 17. fxg4 fxg4 18. Bxf6 Bxf6 19. Rxf6 gxh3 20. Rf2 Qg4
21. Nb3 Qxg2+ 22. Rxg2 Rxg2+ 23. Qxg2 hxg2 24. cxd5 Rxd5 25. Kxg2 Rg5+ 26. Kf3
h5 27. Rh1 Rb5 28. a3 b6 29. e4 a5 30. Kf4 axb4 31. a4 Ra5 32. Nxa5 bxa5 33.
Rxh5 b3 34. Rb5+ Ka7 35. Rxb3 1-0

[Event "Skakthing Reykjavikur"]
[Site "Reykjavik"]
[Date "2017.01.25"]
[Round "6"]
[White "Thorisson, Benedikt"]
[Black "Olafsson, Arni"]
[Result "0-1"]
[WhiteElo "1061"]
[BlackElo "1224"]
[PlyCount "48"]
[EventDate "2017.01.08"]
[EventType "swiss"]
[EventRounds "9"]
[EventCountry "ISL"]

1. e4 e5 2. Nf3 Nc6 3. d4 exd4 4. Bc4 Bc5 5. c3 d6 6. cxd4 Bb6 7. Bb5 Bd7 8.
O-O Nf6 9. Bg5 h6 10. Bh4 O-O 11. Bxc6 Bxc6 12. Qe2 Re8 13. e5 g5 14. Nxg5 hxg5
15. Bxg5 Bxd4 16. Bxf6 Qxf6 17. Qg4+ Qg7 18. Qxg7+ Kxg7 19. exd6 Bxb2 20. Nd2
Bxa1 21. Rxa1 cxd6 22. h3 Re2 23. Nc4 Rae8 24. Kf1 Bb5 0-1